000
00400nam a22001337a 4500
003
SGT
020
_a
8123773277
082
_a
891.4309
_b
V15T
100
_a
तिवारी, कैलाश नारायण
245
_a
विरले दोस्त कबीर के
260
_b
राष्ट्रीय पुस्तक न्यास
_c
2015
300
_a
160
942
_2
ddc
_c
BK
999
_c
31411
_d
31411